[Event "34th Chess Olympiad (men)"]
[Site "Istanbul"]
[Date "2000.11.07"]
[Round "10.37.4"]
[White "Phiri, Payani"]
[Black "Cots, Paltor Jordi"]
[WhiteElo "2114"]
[BlackElo "2123"]
[WhiteCountry "ZAM"]
[BlackCountry "AND"]
[Result "0-1"]

1. e4 d5 2. exd5 Qxd5 3. Nc3 Qa5 4. d4 c6 5. Nf3 Nf6 6. Bf4 Bf5 7. Ne5 e6 
8. a3 Nd5 9. Bd2 Qc7 10. g4 Bg6 11. h4 Nxc3 12. bxc3 f6 13. Nxg6 hxg6 
14. Bd3 Qf7 15. Qf3 Nd7 16. Rb1 O-O-O 17. Ba6 Nb6 18. Bd3 Bxa3 19. Ra1 Qe7 
20. Bxg6 Kb8 21. h5 Nc4 22. Bf4+ e5 23. dxe5 fxe5 24. Bg3 Rhf8 25. Qe4 Qc5 
26. O-O Rd5 27. Rfd1 Bb2 28. Rab1 Bxc3 29. Rxd5 cxd5 30. Qd3 Bd4 31. Bf5 Nd6 
32. c3 Qxc3 33. Qxc3 Bxc3 34. Be6 a5 35. Bxd5 b5 36. Rb3 b4 37. Bc6 Kc7 
38. Ba4 Ne4 39. Bxe5+ Bxe5 40. Re3 Nc3 41. Rxe5 Nxa4 42. Rxa5 Nc3 43. g5 Ne2+ 
44. Kf1 Kb6 45. Re5 Ng3+ 46. Ke1 Nxh5 47. g6 Nf4 48. Kd2 Rf6 49. Kc2 Kc6 
50. Kb3 Nd5 51. Rh5 Rxg6 52. Kc4 Rg4+ 53. Kb3 Rf4 54. Rg5 Kc5 55. Rxg7 Rf3+ 
56. Kb2 Kc4 57. Rg4+ Nf4 58. Rg8 Rxf2+ 59. Kb1 Nd3 60. Rg1 Re2 61. Rg4+ Kb3 
62. Rg1 Re1+ 
0-1

[Event "34th Chess Olympiad (men)"]
[Site "Istanbul"]
[Date "2000.11.07"]
[Round "10.38.2"]
[White "Clerides, Paraskevas"]
[Black "Quinn, Mark"]
[WhiteElo "2226"]
[BlackElo "2381"]
[WhiteCountry "CYP"]
[BlackCountry "IRL"]
[Result "0-1"]

1. e4 c5 2. Nf3 Nc6 3. d4 cxd4 4. Nxd4 g6 5. c4 Bg7 6. Be3 Nf6 7. Nc3 O-O 
8. Be2 b6 9. O-O Bb7 10. f3 Qb8 11. Qd2 Rd8 12. Rac1 e6 13. Rfd1 d6 14. Nc2 Rd7 
15. Qe1 Qf8 16. Qh4 h6 17. Rd2 Ne7 18. Rcd1 Rad8 19. g4 g5 20. Qg3 Ng6 
21. Ne1 Ne8 22. Ng2 Be5 23. f4 gxf4 24. Nxf4 Qg7 25. Qf2 Nf6 26. Nh5 Nxh5 
27. gxh5 Nf4+ 28. Kf1 Nxe2 29. Rxe2 Rc8 30. Qe1 Kh7 31. Rg2 Qf6+ 32. Rf2 Qh4 
33. Qe2 Ba6 34. Qf3 Bxc4+ 35. Kg1 Rg8+ 36. Kh1 Rg3 
0-1

[Event "34th Chess Olympiad (men)"]
[Site "Istanbul"]
[Date "2000.11.07"]
[Round "10.38.3"]
[White "Heidenfeld, Mark"]
[Black "Riza, Conrad"]
[WhiteElo "2375"]
[BlackElo "2000"]
[WhiteCountry "IRL"]
[BlackCountry "CYP"]
[Result "1-0"]

1. e4 c5 2. Nf3 Nc6 3. d4 cxd4 4. Nxd4 Nf6 5. Nc3 d6 6. Be2 e5 7. Nf3 Be7 
8. O-O O-O 9. Bg5 Be6 10. Qd2 a6 11. Rfd1 Ne8 12. Bxe7 Qxe7 13. Nd5 Qd8 
14. c4 Bg4 15. Nb4 Bxf3 16. Nxc6 bxc6 17. Bxf3 Qb6 18. Rac1 c5 19. Rc3 Ra7 
20. Rb3 Qc7 21. Qd5 Kh8 22. h3 f5 23. exf5 Rxf5 24. Qc6 Qe7 25. Rb8 Rf8 
26. Qb6 Qf7 27. Rf1 Re7 28. Bd5 Qf6 29. Qc6 e4 30. Bxe4 Qd4 31. Bf3 Qxc4 
32. Qxd6 Qh4 33. Qxc5 Qf6 34. Rb6 Qf7 35. Bd5 Re5 36. Bxf7 Rxc5 37. b4 Re5 
38. Bxe8 Rexe8 39. Rxa6 Re2 40. b5 Rb2 41. a4 h6 42. b6 Rf6 43. a5 Rf5 
44. Ra7 Rfb5 45. b7 Rxb7 46. Rxb7 Rxb7 47. a6 Ra7 48. Ra1 Kg8 49. Kh2 Kf7 
50. Kg3 Kf6 51. Ra5 g6 52. h4 Ke6 53. Kf4 Kf6 54. Ke4 Ke6 55. g3 Kd6 56. h5 
1-0

[Event "34th Chess Olympiad (men)"]
[Site "Istanbul"]
[Date "2000.11.07"]
[Round "10.38.4"]
[White "Lazari, Stelios"]
[Black "Daly, Colm"]
[WhiteElo "2000"]
[BlackElo "2357"]
[WhiteCountry "CYP"]
[BlackCountry "IRL"]
[Result "0-1"]

1. d4 Nf6 2. Nf3 g6 3. c4 Bg7 4. Nc3 d6 5. e4 Bg4 6. Be2 Nfd7 7. h3 Bxf3 
8. Bxf3 Nc6 9. Be3 e5 10. Ne2 exd4 11. Nxd4 O-O 12. O-O Qf6 13. Nxc6 bxc6 
14. Rb1 Rab8 15. b4 Qc3 16. Qb3 a5 17. a3 axb4 18. axb4 Qf6 19. Qc2 c5 
20. b5 Rfe8 21. Rfd1 Nb6 22. Be2 Qe7 23. Bd3 Ra8 24. Qd2 Ra4 25. Rdc1 Rea8 
26. Bg5 Qe6 27. Qe2 Ra3 28. Rc2 R8a4 29. Rbc1 Bd4 30. Bh6 Qf6 31. Be3 Rb3 
32. Bxd4 Qxd4 33. Rd2 Qe5 34. Bc2 Rc3 35. Bxa4 Rxc1+ 36. Bd1 Rxc4 37. f3 Rc1 
38. Kf2 c4 39. g3 c3 40. Rd3 c2 41. Rd5 
0-1

[Event "34th Chess Olympiad (men)"]
[Site "Istanbul"]
[Date "2000.11.07"]
[Round "10.39.1"]
[White "Claesen, Pieter"]
[Black "Williams, Leighton"]
[WhiteElo "2416"]
[BlackElo "2317"]
[WhiteCountry "BEL"]
[BlackCountry "WLS"]
[Result "1-0"]

1. c4 e5 2. Nc3 Nf6 3. Nf3 Nc6 4. g3 Bb4 5. Bg2 Bxc3 6. bxc3 d6 7. O-O O-O 
8. d3 e4 9. Nd4 exd3 10. exd3 Nxd4 11. cxd4 d5 12. Rb1 h6 13. Bf4 Re8 
14. Be5 Ng4 15. Bf4 c6 16. cxd5 cxd5 17. Rb5 Nf6 18. Be5 b6 19. Qf3 Ba6 
20. Bxf6 Qxf6 21. Qxf6 gxf6 22. Rxd5 Rad8 23. Rc1 Bxd3 24. Rxd8 Rxd8 25. d5 b5 
26. Rc5 a6 27. f4 b4 28. Bf1 Bb1 29. Bc4 a5 30. Rxa5 Rc8 31. Bb3 Bc2 
32. Rb5 Bb1 33. Rxb4 Bxa2 34. Bxa2 Rc1+ 35. Kf2 Rc2+ 36. Ke3 Rxa2 37. Rb8+ Kg7 
38. f5 Ra1 39. Kd4 
1-0

[Event "34th Chess Olympiad (men)"]
[Site "Istanbul"]
[Date "2000.11.07"]
[Round "10.39.2"]
[White "Dineley, Richard"]
[Black "Dutreeuw, Marc"]
[WhiteElo "2273"]
[BlackElo "2402"]
[WhiteCountry "WLS"]
[BlackCountry "BEL"]
[Result "0-1"]

1. e4 e5 2. Bc4 Nf6 3. d3 Nc6 4. Nf3 Be7 5. O-O O-O 6. Re1 d6 7. a4 Bg4 
8. h3 Bh5 9. c3 d5 10. exd5 Nxd5 11. Nbd2 Nb6 12. Bb5 Nd7 13. a5 a6 
14. Bxc6 bxc6 15. Qa4 Nc5 16. Qc4 Nxd3 17. Re3 Bg6 18. Qxc6 Qd6 19. Qc4 Rfd8 
20. Ne4 Qd5 21. Qxd5 Rxd5 22. c4 Rd7 23. Nc3 f6 24. Re2 Rb8 25. Nd5 Bc5 
26. Nh4 Bf7 27. Be3 Bxd5 28. cxd5 Rxd5 29. Rd1 Bxe3 30. Rxe3 Rbd8 31. Rd2 Kf7 
32. Nf3 c5 33. Rc2 Rb8 34. Ne1 Nxb2 35. Kf1 c4 36. Ke2 Rxa5 
0-1

[Event "34th Chess Olympiad (men)"]
[Site "Istanbul"]
[Date "2000.11.07"]
[Round "10.39.3"]
[White "Van Der Stricht, Geert"]
[Black "Zeidler, Sven P"]
[WhiteElo "2369"]
[BlackElo "2255"]
[WhiteCountry "BEL"]
[BlackCountry "WLS"]
[Result "0-1"]

1. d4 f5 2. g3 Nf6 3. Bg2 g6 4. c4 Bg7 5. Nc3 d6 6. Nf3 O-O 7. O-O c6 8. d5 e5 
9. dxe6 Bxe6 10. Qd3 Na6 11. Ng5 Bc8 12. Bf4 Nh5 13. Bd2 Nc5 14. Qc2 h6 
15. Nf3 Be6 16. Be3 Bxc4 17. Na4 Bd5 18. Nxc5 dxc5 19. Bxc5 Rf7 20. Rad1 Qa5 
21. Ba3 Re8 22. Nh4 Bxg2 23. Kxg2 g5 24. Nf3 g4 25. Nh4 f4 26. Qc4 Qb5 
27. Qxb5 cxb5 28. Rfe1 a5 29. Rd5 b4 30. Rxh5 bxa3 31. bxa3 f3+ 32. Kf1 Bc3 
33. Nf5 Rxf5 34. Rxf5 Bxe1 35. Kxe1 Rxe2+ 36. Kf1 Rxa2 37. Ke1 Rxa3 38. Rf4 b5 
39. Rxg4+ Kf7 40. Rh4 Kg6 41. Rd4 b4 42. Rd6+ Kg5 43. h3 b3 44. Kd2 a4 
45. Kc3 Ra2 46. Rd5+ Kf6 47. Ra5 Rc2+ 48. Kd3 Rc1 49. Ra6+ Ke7 50. Ra7+ Kd6 
51. Ra6+ Ke5 
0-1

[Event "34th Chess Olympiad (men)"]
[Site "Istanbul"]
[Date "2000.11.07"]
[Round "10.39.4"]
[White "Binks, Michael"]
[Black "Van, Beers Eddy"]
[WhiteElo "2155"]
[BlackElo "2346"]
[WhiteCountry "WLS"]
[BlackCountry "BEL"]
[Result "1/2-1/2"]

1. d4 f5 2. Nf3 Nf6 3. g3 g6 4. b3 Bg7 5. Bb2 d6 6. Bg2 O-O 7. O-O Qe8 
8. Nbd2 Nc6 9. Re1 h6 10. a3 g5 11. c4 e5 12. d5 Ne7 13. e4 f4 14. c5 Qh5 
15. cxd6 cxd6 16. Nc4 fxg3 17. fxg3 Bg4 18. Ne3 Bd7 19. Nd2 
1/2-1/2

[Event "34th Chess Olympiad (men)"]
[Site "Istanbul"]
[Date "2000.11.07"]
[Round "10.40.1"]
[White "Lodhi, Mahmood"]
[Black "Gonzalez, Bernal"]
[WhiteElo "2438"]
[BlackElo "2428"]
[WhiteCountry "PAK"]
[BlackCountry "CRC"]
[Result "1/2-1/2"]

1. d4 c5 2. d5 Nf6 3. Nc3 d6 4. e4 g6 5. Nf3 Bg7 6. h3 O-O 7. Be2 b5 
8. Nxb5 Nxe4 9. O-O Bb7 10. c4 a6 11. Na3 Nd7 12. Qc2 Nef6 13. Bd2 e6 
14. dxe6 fxe6 15. Rad1 Ne4 16. Bc1 Ne5 17. Nxe5 Bxe5 18. Be3 Rb8 19. f4 Bg7 
20. Bf3 Ng3 21. Rf2 Bxf3 22. Rxf3 Rxb2 23. Qd3 Ne2+ 24. Kh2 Nd4 25. Bxd4 Bxd4 
26. Nc2 Bg7 27. Ne3 Bd4 28. Nc2 Bg7 29. Ne3 Qa8 30. Rdf1 Qc6 31. h4 Kh8 
32. h5 g5 33. h6 Bd4 34. Nc2 Rxc2 35. Qxc2 gxf4 36. Rxf4 Be5 37. g3 Bxf4 
38. Rxf4 Qe8 39. Qf2 Rxf4 40. Qxf4 Qe7 41. Kg2 Qb7+ 42. Kh2 Qe7 43. Kg2 a5 
44. Qf3 Kg8 45. Qg4+ Kh8 46. Qf3 Kg8 47. Qg4+ Kh8 
1/2-1/2

[Event "34th Chess Olympiad (men)"]
[Site "Istanbul"]
[Date "2000.11.07"]
[Round "10.40.2"]
[White "Hernandez, Basante Francisco"]
[Black "Gillani, Tunveer M D"]
[WhiteElo "2309"]
[BlackElo "2255"]
[WhiteCountry "CRC"]
[BlackCountry "PAK"]
[Result "1/2-1/2"]

1. e4 e5 2. Nf3 Nc6 3. d4 exd4 4. Nxd4 Nxd4 5. Qxd4 d6 6. Bc4 Ne7 7. Nc3 c6 
8. Bf4 Ng6 9. Bg3 Be6 10. O-O-O Bxc4 11. Qxc4 Qg5+ 12. Kb1 Ne5 13. Qb4 Qe7 
14. Bxe5 dxe5 15. Qxe7+ Bxe7 16. Rd3 b5 17. Rhd1 Rd8 18. Rxd8+ Bxd8 19. Rd6 Ba5 
20. Rxc6 Kd7 21. Ra6 Bxc3 22. Rxa7+ Ke6 23. bxc3 Rd8 24. Kc1 Rd6 25. Rb7 Rc6 
26. Rxb5 Rxc3 27. Rd5 Rc4 28. f3 f5 29. Rd2 fxe4 30. fxe4 Rxe4 31. c3 Re1+ 
32. Kc2 e4 33. Rd1 Re2+ 34. Rd2 Re1 35. Kb3 e3 36. Rc2 e2 37. Kc4 Kd6 
38. Rd2+ Kc6 39. a4 Ra1 40. Rxe2 Rxa4+ 41. Kd3 Ra7 42. c4 Rd7+ 43. Kc3 Kc5 
44. Re5+ Kc6 45. g4 h6 46. Kb4 Rd2 47. h3 Rb2+ 48. Kc3 Rg2 49. Kd3 Rg3+ 
50. Re3 Rg1 51. Kd4 Rf1 52. Re6+ Kd7 53. Rg6 Rf7 54. c5 Kc7 55. Kd5 Re7 
56. Rc6+ Kb8 57. Kd6 Rf7 58. Rb6+ Ka8 59. Rb3 Rf6+ 60. Ke7 Rc6 61. Rc3 Kb7 
62. Kf7 g6 63. Rb3+ Kc7 64. Rb6 Rxc5 65. Rxg6 h5 66. gxh5 Rxh5 67. Rg3 Kd7 
68. Rd3+ Kc6 69. Kf6 Kc5 70. Kg6 Rh4 71. Kg5 Ra4 72. h4 Kc4 73. Rf3 Ra5+ 
74. Rf5 Ra1 75. h5 Rg1+ 76. Kf6 Rh1 77. Rg5 Ra1 78. h6 Ra6+ 79. Kg7 Ra7+ 
80. Kg6 Ra6+ 81. Kh7 Ra7+ 82. Rg7 Kd4 83. Kg6 Ke4 84. Rf7 Ra6+ 85. Kg7 Ra1 
86. h7 Rg1+ 87. Kf8 Rh1 88. Kg8 
1/2-1/2

[Event "34th Chess Olympiad (men)"]
[Site "Istanbul"]
[Date "2000.11.07"]
[Round "10.40.3"]
[White "Amer, Karim"]
[Black "Bermudez, Sergio"]
[WhiteElo "2240"]
[BlackElo "2185"]
[WhiteCountry "PAK"]
[BlackCountry "CRC"]
[Result "1-0"]

1. d4 f5 2. c4 Nf6 3. g3 e6 4. Bg5 d5 5. Bg2 c6 6. Nf3 Bd6 7. Ne5 O-O 
8. O-O Nbd7 9. Nxd7 Bxd7 10. Qd3 Qe8 11. Bxf6 Rxf6 12. e3 Kh8 13. Nc3 Qh5 
14. c5 Rh6 15. f4 Be7 16. Kf2 g5 17. Ne2 Qf7 18. Rh1 Rg8 19. b4 Qg7 20. a4 Be8 
21. b5 Bh5 22. Bf3 Bxf3 23. Kxf3 gxf4 24. exf4 e5 25. fxe5 f4 26. Nxf4 Rxh2 
27. Ng6+ Qxg6 28. Qxg6 Rxg6 29. Rxh2 Kg7 30. Rb1 b6 31. cxb6 axb6 32. bxc6 Rxc6 
33. Rb5 
1-0

[Event "34th Chess Olympiad (men)"]
[Site "Istanbul"]
[Date "2000.11.07"]
[Round "10.40.4"]
[White "Trejos, Enrique"]
[Black "Waqar, Mohamed"]
[WhiteElo "2000"]
[BlackElo "2208"]
[WhiteCountry "CRC"]
[BlackCountry "PAK"]
[Result "1-0"]

1. e4 g6 2. d4 Bg7 3. Nc3 d6 4. Be3 Nf6 5. f3 O-O 6. Qd2 Nc6 7. g4 e5 8. d5 Nd4 
9. O-O-O c5 10. h4 Bd7 11. h5 b5 12. Bh6 Qe7 13. Nce2 b4 14. Ng3 a5 15. c3 bxc3 
16. bxc3 Rab8 17. Bxg7 Ba4 18. Bxf8 Qb7 19. Bd3 Bc2 20. Qxc2 Nxc2 21. Bxc2 Kxf8 
22. Kd2 Qa7 23. Rb1 Rxb1 24. Bxb1 c4 25. hxg6 fxg6 26. N1e2 Kg7 27. Bc2 a4 
28. g5 Ne8 29. f4 Qe7 30. Bxa4 exf4 31. Nxf4 Qxg5 32. Nge2 Nf6 33. Ke3 Kg8 
34. Bc2 Ng4+ 35. Kd2 Ne5 36. a4 h5 37. a5 Qd8 38. Ra1 Qb8 39. Kc1 h4 40. a6 Qa7 
41. Nd4 g5 42. Nb5 Qe3+ 43. Kb2 Nd7 44. a7 Nb6 45. a8=Q+ Nxa8 46. Rxa8+ Kh7 
47. e5+ Kh6 48. Nd4 Qxe5 49. Nf5+ Kh7 50. Nxh4+ Kh6 51. Nf5+ Kh7 52. Ra7+ Kg8 
53. Nh6+ 
1-0

[Event "34th Chess Olympiad (men)"]
[Site "Istanbul"]
[Date "2000.11.07"]
[Round "10.41.1"]
[White "Erdogdu, Mert"]
[Black "Nilssen, John Arni"]
[WhiteElo "2286"]
[BlackElo "2354"]
[WhiteCountry "TURB"]
[BlackCountry "FAI"]
[Result "0-1"]

1. e4 c5 2. Nf3 Nc6 3. d4 cxd4 4. Nxd4 e5 5. Nb5 d6 6. N1c3 a6 7. Na3 b5 
8. Nd5 Nge7 9. c4 Nd4 10. cxb5 Nxd5 11. exd5 Bd7 12. bxa6 Qa5+ 13. Bd2 Qxd5 
14. Nc2 Qe4+ 15. Ne3 Be7 16. Bc4 Bc6 17. f3 Qh4+ 18. Kf1 O-O 19. Be1 Qh5 
20. Nd5 Bd8 21. Bf2 Re8 22. Qd3 Ne6 23. b4 e4 24. Qxe4 Nc7 25. Ne7+ Bxe7 
26. Qxc6 Rec8 27. a7 d5 28. Bb3 Bxb4 29. Rc1 Ba3 30. Rc2 Qf5 31. Qb7 Qd3+ 
32. Re2 Re8 33. Qxc7 Rxe2 34. Qf4 Re4+ 
0-1

[Event "34th Chess Olympiad (men)"]
[Site "Istanbul"]
[Date "2000.11.07"]
[Round "10.41.2"]
[White "Rodgaard, John"]
[Black "Haznedaroglu, Kivanc"]
[WhiteElo "2351"]
[BlackElo "2249"]
[WhiteCountry "FAI"]
[BlackCountry "TURB"]
[Result "1/2-1/2"]

1. c4 Nf6 2. Nf3 c6 3. d4 d5 4. cxd5 cxd5 5. Nc3 Nc6 6. Bf4 e6 7. e3 a6 
8. Bd3 Bd6 9. Bg3 O-O 10. Rc1 Ne7 11. Nd2 Nf5 12. Na4 Re8 13. Bxf5 exf5 
14. O-O b6 15. Qb3 Rb8 16. Rc2 Bxg3 17. hxg3 Qd6 18. Nf3 Bd7 19. Nc3 Red8 
20. Ne5 Be8 21. Rfc1 Ng4 22. Nxg4 fxg4 23. Nb1 h5 24. Qd3 Bb5 25. Qd1 Rb7 
26. Nc3 Bd7 27. Qd3 Ra7 28. Ne2 g6 29. Qa3 Qxa3 30. bxa3 Bb5 31. f3 Bc4 
32. Kf2 b5 33. Rd2 Re7 34. Nf4 Rde8 35. Re1 a5 36. Nd3 gxf3 37. gxf3 Rc7 
38. Nc5 Rd8 39. Rc1 a4 
1/2-1/2

[Event "34th Chess Olympiad (men)"]
[Site "Istanbul"]
[Date "2000.11.07"]
[Round "10.41.4"]
[White "Simonsen, Olavur"]
[Black "Sayber, Zeki"]
[WhiteElo "2183"]
[BlackElo "2204"]
[WhiteCountry "FAI"]
[BlackCountry "TURB"]
[Result "1/2-1/2"]

1. e4 d6 2. d4 Nf6 3. Bd3 Nc6 4. c3 e5 5. Ne2 Be7 6. O-O O-O 7. Nd2 d5 
8. exd5 Nxd5 9. Nf3 Bf6 10. Be4 exd4 11. Nexd4 Nxd4 12. Nxd4 c6 13. Qf3 Bxd4 
14. cxd4 Nf6 15. Be3 Nxe4 16. Qxe4 Be6 17. Qf4 Re8 18. Qg5 f6 19. Qg3 Bd5 
20. Rfe1 Qd7 21. a3 Re6 22. Bd2 Rae8 23. Rxe6 Bxe6 24. Qc3 Rd8 25. Re1 Kf7 
26. Qe3 Re8 27. Qf3 Kg8 28. Qf4 h6 29. h3 Bd5 30. Rxe8+ Qxe8 31. Be3 Qg6 
32. f3 Qb1+ 33. Bc1 a5 34. Kh2 a4 35. Qe3 Qc2 36. Kg3 b5 37. Qc3 Qe2 
38. Bf4 Bc4 39. Kh2 Bd5 40. Bd6 Kf7 41. Bb8 h5 42. h4 Kg6 43. Kg1 Kf5 
44. Bg3 Kg6 45. Be1 Kf7 
1/2-1/2

[Event "34th Chess Olympiad (men)"]
[Site "Istanbul"]
[Date "2000.11.07"]
[Round "10.42.1"]
[White "Mas, Hafizul Hilmi"]
[Black "Valiente, Cristobal"]
[WhiteElo "2441"]
[BlackElo "2389"]
[WhiteCountry "MAS"]
[BlackCountry "PAR"]
[Result "1/2-1/2"]

1. g3 Nf6 2. Bg2 g6 3. e4 d6 4. d4 Bg7 5. Ne2 O-O 6. O-O e5 7. c3 Nc6 8. h3 Re8 
9. d5 Nb8 10. Be3 Nbd7 11. c4 a5 12. Nbc3 Nh5 13. Nc1 Nc5 14. b3 Rf8 15. a3 Bd7 
16. Ra2 Qe8 17. b4 Na4 18. Nxa4 Bxa4 19. Qd3 f5 20. Bd2 axb4 21. axb4 Bd7 
22. Rxa8 Qxa8 23. Nb3 fxe4 24. Qe3 Qc8 25. Kh2 Nf6 26. Rc1 Kh8 27. Be1 Bf5 
28. Bd2 h5 29. Qa7 b6 30. Bg5 Qb8 31. Qxb8 Rxb8 32. Nd2 Ra8 33. Bxf6 Bxf6 
34. Nxe4 Bxe4 35. Bxe4 Kg7 36. c5 bxc5 37. bxc5 Be7 38. cxd6 Bxd6 39. h4 Ra2 
40. Kg2 Kf6 41. Rc3 Ra4 42. Re3 Ra2 43. Rc3 Kg7 44. Rc4 Kf6 45. Kf3 Ra3+ 
46. Ke2 Ra2+ 47. Ke3 Ra3+ 48. Bd3 Ra5 49. Ke4 Ra2 50. Bc2 Ra1 51. Kf3 e4+ 
52. Kxe4 
1/2-1/2

[Event "34th Chess Olympiad (men)"]
[Site "Istanbul"]
[Date "2000.11.07"]
[Round "10.42.2"]
[White "Peralta, Eduardo"]
[Black "Mok, Tze-Meng"]
[WhiteElo "2330"]
[BlackElo "2308"]
[WhiteCountry "PAR"]
[BlackCountry "MAS"]
[Result "0-1"]

1. d4 g6 2. e4 Bg7 3. Nf3 c6 4. c4 d5 5. exd5 cxd5 6. Nc3 Nf6 7. cxd5 O-O 
8. Be2 Nxd5 9. O-O Nc6 10. h3 Be6 11. Re1 Rc8 12. Bf1 Na5 13. Bd2 Nc4 
14. Bc1 Nxb2 15. Bxb2 Nxc3 16. Qd2 Nd5 17. Ba3 Rc3 18. Bb2 Rc7 19. Bd3 Qd6 
20. a3 Nf4 21. Be4 Bd5 22. Ne5 Bxe4 23. Qxf4 Bd5 24. Qe3 Rc2 25. Bc3 Rc8 
26. Bb4 Qf6 27. Rad1 e6 28. Qg3 h5 29. Nd7 Qf5 30. h4 Qg4 31. Qxg4 hxg4 
32. Ne5 g3 33. Rf1 Bxe5 34. dxe5 Bc4 35. fxg3 Bxf1 36. Kxf1 Rc1 37. Rxc1 Rxc1+ 
38. Ke2 Rc2+ 39. Kf3 b6 40. Be7 a5 41. g4 b5 42. Ke4 Rxg2 43. Kd4 
0-1

[Event "34th Chess Olympiad (men)"]
[Site "Istanbul"]
[Date "2000.11.07"]
[Round "10.42.3"]
[White "Wong, Zi Jing"]
[Black "Ferreira, Oscar"]
[WhiteElo "2300"]
[BlackElo "2266"]
[WhiteCountry "MAS"]
[BlackCountry "PAR"]
[Result "1-0"]

1. e4 c5 2. Nf3 d6 3. d4 cxd4 4. Nxd4 Nf6 5. Nc3 a6 6. f4 Qc7 7. Bd3 g6 
8. O-O Bg7 9. Nf3 Nbd7 10. Qe1 e5 11. a4 b6 12. Qh4 O-O 13. fxe5 dxe5 
14. Bh6 Bb7 15. Ng5 Rae8 16. g4 Qc5+ 17. Kh1 Qe7 18. Rf3 Nh5 19. gxh5 Bxh6 
20. hxg6 Qxg5 21. gxf7+ Rxf7 22. Rg3 
1-0

[Event "34th Chess Olympiad (men)"]
[Site "Istanbul"]
[Date "2000.11.07"]
[Round "10.42.4"]
[White "Sosa, Harrison Jorge"]
[Black "Chuah, Jin Hai Jonath"]
[WhiteElo "2256"]
[BlackElo "2180"]
[WhiteCountry "PAR"]
[BlackCountry "MAS"]
[Result "0-1"]

1. Nf3 c5 2. c4 Nf6 3. b3 d6 4. g3 Nc6 5. Bg2 g6 6. Bb2 Bg7 7. Nc3 O-O 
8. d4 Bg4 9. d5 Bxf3 10. Bxf3 Ne5 11. Bg2 a6 12. O-O Rb8 13. a4 h5 14. f4 Neg4 
15. Qd3 Qb6 16. Nd1 Nd7 17. Bxg7 Kxg7 18. h3 Ngf6 19. e4 Rbe8 20. Nf2 e5 
21. dxe6 Rxe6 22. Qc3 Qb4 23. Qb2 a5 24. Rad1 Qb6 25. Rd2 Kg8 26. Re1 Qc7 
27. Rd3 Ne8 28. Qd2 Nb8 29. g4 hxg4 30. hxg4 Nc6 31. e5 Nd4 32. Bd5 dxe5 
33. f5 gxf5 34. gxf5 Nxf5 35. Qg5+ Neg7 36. Rf3 Qd6 37. Ne4 Rg6 38. Kf2 Rxg5 
39. Nxg5 Qh6 40. Rg1 Qh4+ 41. Kf1 Qd4 42. Be4 Qd1+ 43. Kg2 Nh4+ 44. Kh1 Qxg1+ 
45. Kxg1 Nxf3+ 46. Nxf3 f6 47. Bxb7 Nf5 48. Nd2 Nd4 49. Kf2 Rb8 50. Bd5+ Kg7 
51. Ke3 Nxb3 52. Ne4 f5 53. Nd6 Kf6 54. Kd3 Rh8 55. Ke3 Rh3+ 56. Kf2 e4 
57. Kg2 Rd3 58. Kf2 Ke5 59. Ke2 Rd2+ 60. Ke1 Kxd6 
0-1

[Event "34th Chess Olympiad (men)"]
[Site "Istanbul"]
[Date "2000.11.07"]
[Round "10.43.1"]
[White "Samuel Sousa, Carlos"]
[Black "Bin Sattar, Reefat"]
[WhiteElo "2000"]
[BlackElo "2467"]
[WhiteCountry "ANG"]
[BlackCountry "BAN"]
[Result "0-1"]

1. e4 c5 2. Nf3 Nc6 3. Nc3 e6 4. d3 d5 5. Qe2 d4 6. Nb1 e5 7. g3 Be7 8. Bg2 Nf6 
9. O-O O-O 10. a4 Nd7 11. Nbd2 Re8 12. Nc4 Rb8 13. Bh3 Qc7 14. Bg2 b6 
15. Ne1 a6 16. f4 b5 17. axb5 axb5 18. Nd2 Nb6 19. f5 f6 20. g4 Bd7 21. h4 Ra8 
22. Rb1 Nb4 23. Ndf3 Qa7 24. g5 Qa2 25. gxf6 Qxb1 26. f7+ Kxf7 27. Nxe5+ Kg8 
28. Bf4 Bf6 29. Ng4 Bc6 30. e5 Bxh4 31. Bxc6 Nxc6 32. Nf3 Qxb2 33. Nxh4 Nd5 
34. Bc1 Qa2 35. f6 Ra7 36. Qg2 Nxe5 37. Nh6+ Kh8 38. f7 Rf8 39. Ng4 Raxf7 
40. Rxf7 Nxf7 41. Nf5 Qb1 42. Qd2 
0-1

[Event "34th Chess Olympiad (men)"]
[Site "Istanbul"]
[Date "2000.11.07"]
[Round "10.43.2"]
[White "Hossain, Rajib"]
[Black "Campos, Eugenio"]
[WhiteElo "2314"]
[BlackElo "2238"]
[WhiteCountry "BAN"]
[BlackCountry "ANG"]
[Result "1-0"]

1. e4 e6 2. d3 c5 3. g3 Nc6 4. Bg2 g6 5. Nf3 Bg7 6. O-O Nge7 7. c3 d5 
8. Nbd2 O-O 9. Re1 Qc7 10. Qe2 b6 11. e5 Ba6 12. h4 h5 13. a3 Nf5 14. b4 Rae8 
15. Rb1 cxb4 16. axb4 Bb5 17. Bb2 Ba4 18. b5 Nce7 19. d4 a6 20. bxa6 b5 
21. Ra1 Ra8 22. Bh3 Rxa6 23. Nb3 Rfa8 24. Nc5 R6a7 25. Rab1 Bh6 26. Bc1 Bg7 
27. Bg5 Qa5 28. Rec1 Rc7 29. Ne1 Rb8 30. Ned3 Rbc8 31. Ra1 Qb6 32. Rcb1 Qa5 
33. Rb4 Nc6 34. Bxf5 exf5 35. e6 Nxb4 36. Nxb4 Re8 37. Nxd5 Rxc5 38. dxc5 Bxc3 
39. Nxc3 Qxc3 40. Rc1 Rxe6 41. Rxc3 Rxe2 42. c6 Re8 43. c7 Rc8 44. Bf4 Kf8 
45. Re3 b4 46. Rd3 Ke7 47. Rd4 Bc6 48. Rxb4 Bf3 49. Rb3 Bd5 50. Rd3 Ke6 
51. Ra3 Kd7 52. Rd3 Kc6 53. f3 Ra8 54. Kf2 Be6 55. Ke3 Kb7 56. Rc3 Kc8 
57. Kd4 Ra5 58. Rc6 Rd5+ 59. Ke3 Rb5 60. Ra6 Kb7 61. Ra4 Rb3+ 62. Kd4 Rb5 
63. Ra1 Rd5+ 64. Ke3 Bc8 65. Rc1 Kb6 66. Rc3 Kb7 67. Rb3+ Kc6 68. Rb8 Kd7 
69. Rb6 Rd1 70. Be5 Rd5 71. Kf4 Rc5 72. Rb3 Ke7 73. Rd3 Rc6 74. Rd8 Be6 
75. Kg5 Bd7 76. Kh6 Rc5 77. Bf4 Rc3 78. Kg7 Rc6 79. Bg5+ Kd6 80. Bf4+ Ke7 
81. Rb8 Be6 82. Rd8 Bd7 83. Ra8 Be6 84. Rb8 Rc3 85. Rb6 Rc4 86. Be5 Rc2 
87. f4 Rc4 88. Rd6 f6 89. Rd4 Rxd4 90. Bxd4 Bc8 91. Kxg6 Ke6 92. Bxf6 Bd7 
93. Be5 Kd5 
1-0

[Event "34th Chess Olympiad (men)"]
[Site "Istanbul"]
[Date "2000.11.07"]
[Round "10.43.3"]
[White "Assis Pedro, Aderito"]
[Black "Uddin, Saif"]
[WhiteElo "2000"]
[BlackElo "2267"]
[WhiteCountry "ANG"]
[BlackCountry "BAN"]
[Result "1-0"]

1. Nf3 d5 2. d4 Nf6 3. c4 e6 4. Nc3 c6 5. e3 Bd6 6. Bd3 O-O 7. O-O Nbd7 
8. Rb1 Qe7 9. Re1 dxc4 10. Bxc4 e5 11. Bb3 e4 12. Nd2 Nb6 13. f3 exf3 
14. Nxf3 Bc7 15. e4 Bg4 16. Bg5 h6 17. Bh4 g5 18. Bf2 Bh5 19. Kh1 Rad8 
20. Qe2 Rfe8 21. Qf1 Bg6 22. Bc2 Qf8 23. Re2 Nc4 24. Bg1 b5 25. Nxg5 Qg7 
26. Nh3 Bh5 27. e5 Bxe2 28. Qxe2 Bxe5 29. dxe5 Rxe5 30. Qf3 Nd2 31. Qf4 Nh5 
32. Qh4 Rde8 33. Rd1 b4 34. Qxb4 Rd8 35. Ne4 Rb5 36. Qe7 Rbd5 37. Rxd2 Rxd2 
38. Nxd2 Rxd2 39. Qe8+ Qf8 40. Qxc6 Qe7 41. Qc8+ Qf8 42. Qf5 Qg7 43. Be4 Nf6 
44. Bf3 Rxb2 45. Bd4 a6 
1-0

[Event "34th Chess Olympiad (men)"]
[Site "Istanbul"]
[Date "2000.11.07"]
[Round "10.43.4"]
[White "Kabir, Syed"]
[Black "Domingos, Manuel"]
[WhiteElo "2243"]
[BlackElo "2000"]
[WhiteCountry "BAN"]
[BlackCountry "ANG"]
[Result "1/2-1/2"]

1. e4 e5 2. Nf3 Nc6 3. d4 exd4 4. Nxd4 Bc5 5. Be3 Qf6 6. c3 Nge7 7. Bc4 Bb6 
8. O-O O-O 9. f4 d5 10. exd5 Nxd4 11. Bxd4 Nf5 12. Bxb6 Qxb6+ 13. Rf2 Re8 
14. Na3 Nd6 15. Qd4 Qxd4 16. cxd4 Re4 17. Re2 Bf5 18. Rxe4 Bxe4 19. Bb3 Kf8 
20. Rc1 Rc8 21. Rc5 Ke7 22. Nc4 Nxc4 23. Bxc4 Kd6 24. a4 Re8 25. a5 a6 
26. b4 Bf5 27. b5 axb5 28. Rxb5 Bc8 29. Bd3 h6 30. Kf2 b6 31. axb6 Ba6 
32. Rb3 Bxd3 33. Rxd3 cxb6 34. Rb3 Kxd5 35. Rxb6 Re7 36. Rb4 Ke4 37. g3 Rd7 
38. Ke2 Ra7 39. Rb2 
1/2-1/2

[Event "34th Chess Olympiad (men)"]
[Site "Istanbul"]
[Date "2000.11.07"]
[Round "10.44.1"]
[White "Gluckman, David"]
[Black "Al-Modiahki, Mohamad"]
[WhiteElo "2400"]
[BlackElo "2499"]
[WhiteCountry "RSA"]
[BlackCountry "QAT"]
[Result "0-1"]

1. g3 g6 2. Bg2 Bg7 3. c4 Nf6 4. Nc3 O-O 5. e4 d6 6. Nge2 c5 7. O-O Nc6 
8. d3 Ne8 9. Rb1 Nc7 10. a3 Rb8 11. Be3 a6 12. Qd2 a5 13. a4 Ne5 14. f3 Na6 
15. h3 Nb4 16. f4 Nexd3 17. f5 Bd7 18. b3 Ne5 19. g4 Bc6 20. Nd5 Nxd5 
21. exd5 Bd7 22. Ng3 Qb6 23. Ne4 gxf5 24. gxf5 f6 25. Ng3 Kh8 26. Kh1 Rg8 
27. Nh5 Be8 28. Nf4 Bh6 29. Ne6 Bxe3 30. Qxe3 Bd7 31. Rf4 Bxe6 32. fxe6 Rg5 
33. Be4 Rbg8 34. Rbf1 Qd8 35. Rh4 R8g7 36. Rf5 Qg8 37. Rxg5 fxg5 38. Rh5 g4 
39. Rf5 gxh3 40. Qf2 Ng4 41. Qf4 Nf6 42. Rxf6 exf6 43. Qxf6 Qe8 44. Kh2 Qe7 
45. Qf4 Rg5 46. Kxh3 Rh5+ 47. Kg3 Qg5+ 48. Qxg5 Rxg5+ 
0-1